অর্থনৈতিক ও বাণিজ্যিক ভূগোল / (Record no. 76752)
[ view plain ]
| 000 -LEADER | |
|---|---|
| fixed length control field | 01053nam a2200241 a 4500 |
| 001 - CONTROL NUMBER | |
| control field | 76752 |
| 003 - CONTROL NUMBER IDENTIFIER | |
| rucl marc code | BD-RjUL |
| 005 - DATE AND TIME OF LATEST TRANSACTION | |
| control field | 20211209082900.0 |
| 008 - FIXED-LENGTH DATA ELEMENTS--GENERAL INFORMATION | |
| fixed length control field | 200118s1984 bg a|||| |||| 00| 0 ben d |
| 020 ## - INTERNATIONAL STANDARD BOOK NUMBER | |
| Terms of availability | : TK 70.00 |
| 035 ## - SYSTEM CONTROL NUMBER | |
| System control number | (BD-RjUL)55467 |
| 040 ## - CATALOGING SOURCE | |
| Original cataloging agency | BD-RjUL |
| Language of cataloging | ben |
| Transcribing agency | BD-RjUL |
| 041 ## - LANGUAGE CODE | |
| Language code of text/sound track or separate title | ben |
| 082 ## - DEWEY DECIMAL CLASSIFICATION NUMBER | |
| Edition number | 23 |
| Classification number | 330.9 |
| Author mark and year | CHA 1984 |
| 100 1# - MAIN ENTRY--PERSONAL NAME | |
| Personal name | চৌধুরী, মোয়াজ্জেম হোসেন |
| 9 (RLIN) | 237730 |
| 245 10 - TITLE STATEMENT | |
| Title | অর্থনৈতিক ও বাণিজ্যিক ভূগোল / |
| Statement of responsibility, etc. | মোয়াজ্জেম হোসেন চৌধুরী |
| 250 ## - EDITION STATEMENT | |
| Edition statement | সংশোধিত, পরিমার্জিত ও পরিবর্ধিত ৮ম সং . |
| 260 ## - PUBLICATION, DISTRIBUTION, ETC. (IMPRINT) | |
| Place of publication, distribution, etc. | ঢাকা : |
| Name of publisher, distributor, etc. | বাংলাদেশ বুক করপোরেশন লিঃ, |
| Date of publication, distribution, etc. | ১৯৮৪ |
| 300 ## - PHYSICAL DESCRIPTION | |
| Pagination | বিভিন্ন পৃ. : |
| Illustrations | চিত্র ; |
| Size | ২১ সেমি . |
| 650 ## - SUBJECT ADDED ENTRY--TOPICAL TERM | |
| Topical term or geographic name as entry element | অর্থনৈতিক ভূগোল |
| 9 (RLIN) | 237731 |
| Topical term or geographic name as entry element | Economic Geography |
| 9 (RLIN) | 237732 |
| 942 ## - ADDED ENTRY ELEMENTS (KOHA) | |
| Source of classification or shelving scheme | Dewey Decimal Classification |
| Koha item type | Books |
| Lost status | Source of classification or shelving scheme | Damaged status | Not for loan | Collection code | Permanent Location | Current Location | Shelving location | Date acquired | Source of acquisition | Cost, normal purchase price | Total Checkouts | Full call number | Date last seen | Copy number | Koha item type |
|---|---|---|---|---|---|---|---|---|---|---|---|---|---|---|---|
| Dewey Decimal Classification | Non-fiction | Central Library, University of Rajshahi | Central Library, University of Rajshahi | 21/08/1999 | RUCL | 70.00 | B 330.9 CHA 1984 | 18/01/2020 | C-2 | Books |